| 000 | 00539nam a2200193Ia 4500 | ||
|---|---|---|---|
| 003 | GCL | ||
| 008 | 140319s9999 xx 000 0 ara d | ||
| 040 |
_aGCL / _cGCL |
||
| 082 | 0 | 4 |
_a813.009 _bع م |
| 100 | 1 | _aغالى شكرى | |
| 245 | 1 | 0 |
_aالمنتمى دراسة فى ادب نجيب محفوظ / _cغالى شكرى |
| 260 |
_a[S.N] : _bلا يوجد ، _c1987 |
||
| 300 | _a461 ص | ||
| 490 | _a | ||
| 650 | 0 | 4 | _aالادب العربى |
| 650 | 0 | 4 | _aنجيب محفوظ |
| 650 | 0 | 4 | _aتاريخ ونقد |
| 942 |
_2ddc _cBK |
||
| 999 |
_c35179 _d35179 |
||